Analysis of Harangvölgyi Institute Budapest's Marketing Activity

Bibliográfiai részletek
Szerző: Martin Fanny
További közreműködők: Szabó Dr. habil Zoltán
Dokumentumtípus: Diplomadolgozat
Kulcsszavak:Marketing kommunikáció
Szépségipar
Primer kutatás
Kvantitatív kutatás
Kvalitatív kutatás
Online Access:http://dolgozattar.uni-bge.hu/8553

MARC

LEADER 00000nta a2200000 i 4500
001 dolg8553
005 20170628112226.0
008 161209suuuu hu om 000 eng d
040 |a BGE Dolgozattár Repozitórium  |b hun 
041 |a en 
100 1 |a Martin Fanny 
245 1 0 |a Analysis of Harangvölgyi Institute Budapest's Marketing Activity  |c Martin Fanny  |h [elektronikus dokumentum] 
246 1 1 |a A Harangvölgyi Institute Budapest marketingtevékenységének elemzése 
246 1 1 |a Analysis of Harangvölgyi Institute Budapest's Marketing Activity 
695 |a Marketing kommunikáció 
695 |a Szépségipar 
695 |a Primer kutatás 
695 |a Kvantitatív kutatás 
695 |a Kvalitatív kutatás 
700 1 |a Szabó Dr. habil Zoltán  |e ths 
856 4 0 |u http://dolgozattar.uni-bge.hu/8553/1/THESIS2016.pdf  |z Dokumentum-elérés